000 00659nam a2200193Ia 4500
003 OSt
005 20250807100240.0
008 210210b2013 xxu||||| |||| 00| 0 eng d
040 _cAL
041 _aKannada
082 _a954.87K BELV
100 _aBELLIYAPPA (C P)
_dಬೆಳ್ಳಿಯಪ್ಪ (ಸಿಪಿ)
_9234394
245 _aVictoria Gowramma: kaleduhoda kodagina rajakumari
_bವಿಕ್ಟೋರಿಯ ಗೌರಮ್ಮ: ಕಳೆದುಹೋದ ಕೊಡಗಿನ ರಾಜಕುಮಾರಿ
260 _aBengaLUru
_bAnkita Pustaka
_c2013
300 _a206
690 _aKarnataka History
_9234400
906 _a068327
942 _2ddc
_cBK
999 _c152805
_d152805